DPH aktuálne online newsletter

Enregistré dans:
Détails bibliographiques
Format: Publication en série
Langue:slovaque
Publié: Bratislava Dashöfer
Sujets:
Tags: Ajouter un tag
Pas de tags, Soyez le premier à ajouter un tag!

MARC

LEADER 00000nas1a2200000$$$4500
001 0054593
005 20250822082036.6
022 |a 1336-4960 
022 |a 1336-5355 
041 0 |a slo 
044 |a SK 
245 1 0 |a DPH aktuálne  |b online newsletter 
264 1 |a Bratislava  |b Dashöfer 
610 2 0 |a dane